• 首页
  • 本馆介绍
  • 公告通知
  • 最新文献
  • 馆藏检索
  • 电子资源
  • 读者导购
  • 参考咨询
  • 我的图书馆
  • 登录
  • 详细信息显示
  • 放入我的书架
  • 预约/预借图书
  • 作者相关作品
  • 分类相关作品
  • 丛书相关作品
  • 出版社相关作品

书目信息

  • 表格格式
  • 工作单格式
  • 卡片格式
题名:
蔡楚生的创作道路
    
 
作者: 蔡洪生 著
分册:  
出版信息: 北京   文化艺术出版社  1982.11
页数: 133页
开本: 20cm
丛书名:
单 册:
中图分类: J904
科图分类:
主题词: 电影 , 电视--艺术
电子资源:
ISBN:
000 00517nam0 2200193 45
001 0312221749
005 20060912154950.53
010    @dCNY0.60
100    @a20031222d1982 km y0chiy0120 ea
101    @achi
200 1  @a蔡楚生的创作道路@ACai Chu Sheng De Chuang Zuo Dao Lu@f蔡洪生著@FCai Hong Sheng Zhu
210    @a北京@c文化艺术出版社@d1982.11
215    @a133页@d20cm
606 0  @a电影
606 0  @a电视@x艺术
690    @aJ904@v3
701 0  @a蔡洪生@4著
801    @aCN@bTSTCL@c20060912
905    @a213230@dJ904@e36
    
    蔡楚生的创作道路/蔡洪生著.-北京:文化艺术出版社,1982.11
    133页;20cm
    
    
    ISBN :CNY0.60
    
●
相关链接 在E读中查询图书 在五车中查询图书 在当当中查询图书 在豆瓣中查询图书


正题名:蔡楚生的创作道路     索取号:J904/36         预约/预借

序号 登录号 条形码 馆藏地/架位号 状态 备注
1 0210387   001217971   第一借阅区/ [索取号:J904/36] 在馆    
2 0210388   001218024   第一样本阅览室/ [索取号:J904/36] 在馆    
3 0210389   001218015   密集书库/ [索取号:J904/36] 在馆    
4 0210390   202281814   密集书库/ [索取号:J904/36] 在馆    
5 0452844   204528449   密集书库/ [索取号:J904/36] 在馆    
6 0462809   204628091   密集书库/ [索取号:J904/36] 在馆    
7 0462810   204628108   密集书库/ [索取号:J904/36] 在馆    
8 0462811   204628117   密集书库/ [索取号:J904/36] 在馆    
9 0462812   204628126   密集书库/ [索取号:J904/36] 在馆    
10 0474985   204749852   密集书库/ [索取号:J904/36] 在馆    
唐山师范学院图书馆 欢迎您!
大连网信软件有限公司© 版权所有